Совершенствование технологии магнитопорошкового метода неразрушающего контроля; Инновации в неразрушающем контроле (SibTest 2017)

Dettagli Bibliografici
Parent link:Инновации в неразрушающем контроле (SibTest 2017).— 2017.— [С. 65-67]
Autore principale: Чеснокова А. А. Александра Алексеевна
Riassunto:Заглавие с титульного экрана
Lingua:russo
Pubblicazione: 2017
Serie:Методы и средства неразрушающего контроля
Soggetti:
Accesso online:http://earchive.tpu.ru/handle/11683/44000
Natura: Elettronico Capitolo di libro
KOHA link:https://koha.lib.tpu.ru/cgi-bin/koha/opac-detail.pl?biblionumber=624268

MARC

LEADER 00000naa2a2200000 4500
001 624268
005 20231101133314.0
035 |a (RuTPU)RU\TPU\conf\23513 
035 |a RU\TPU\conf\23512 
090 |a 624268 
100 |a 20171113d2017 k y0rusy50 ca 
101 0 |a rus 
102 |a RU 
105 |a y z 101zy 
135 |a drgn ---uucaa 
181 0 |a i  
182 0 |a b 
200 1 |a Совершенствование технологии магнитопорошкового метода неразрушающего контроля  |f А. А. Чеснокова 
203 |a Текст  |c электронный 
225 1 |a Методы и средства неразрушающего контроля 
230 |a 1 компьютерный файл (pdf; 706 Kb) 
300 |a Заглавие с титульного экрана 
320 |a [Библиогр.: с. 67 (2 назв.)] 
463 1 |0 (RuTPU)RU\TPU\conf\23467  |t Инновации в неразрушающем контроле (SibTest 2017)  |o сборник тезисов IV международной конференции, Новосибирск, 27-30 июня 2017 г.  |f Национальный исследовательский Томский политехнический университет (ТПУ) ; под ред. А. В. Юрченко  |v [С. 65-67]  |d 2017 
610 1 |a электронные ресурсы 
610 1 |a конкурентоспособность 
610 1 |a магнитопорошковый метод 
610 1 |a неразрушающий контроль 
610 1 |a дефектоскопия 
610 1 |a нанодисперсные частицы 
700 1 |a Чеснокова  |b А. А.  |g Александра Алексеевна 
801 2 |a RU  |b 63413507  |c 20171220  |g RCR 
856 4 |u http://earchive.tpu.ru/handle/11683/44000 
942 |c BK